LIBRARY & INFORMATION CENTRE, KCAET, TAVANUR

ONLINE PUBLIC ACCESS CATALOGUE (OPAC)

Vibration testing: Theory and practice / (Record no. 10483)

MARC details
000 -LEADER
fixed length control field 00451cam a2200169ua 4500
020 ## - INTERNATIONAL STANDARD BOOK NUMBER
ISBN 0-471-30435-2
041 ## - LANGUAGE CODE
Language code of text/sound track or separate title eng
082 ## - DEWEY DECIMAL CLASSIFICATION NUMBER
Classification number 620.30287
Item number MCC/VI
100 ## - MAIN ENTRY--AUTHOR NAME
Personal name McConnell, Kenneth G .
245 ## - TITLE STATEMENT
Title Vibration testing: Theory and practice /
260 ## - PUBLICATION, DISTRIBUTION, ETC. (IMPRINT)
Place of publication London :
Name of publisher John Wiley & Sons ,
Year of publication 1995.
300 ## - PHYSICAL DESCRIPTION
Number of Pages 606 ; .
500 ## - GENERAL NOTE
General note ** Reference
942 ## - ADDED ENTRY ELEMENTS (KOHA)
Koha item type Books
Holdings
Withdrawn status Lost status Damaged status Home library Current library Date acquired Full call number Accession Number Koha item type
      KAUAET KAUAET 07/04/2012 620.30287 20535 Reference
free website counter